000 00981cab a2200337 4500
001 ABS49763
008 090401t1993 xxu||||| |||| 00| 0 eng d
035 _a(Sirsi) u72676
041 _aeng
245 _aCentrefolio: South Wales/Hereford & Worcs
260 _c1993
350 _a0
490 _aCSW - The Property Week
_v45(7) 18 November 1993, 23-42(13)
650 _aCARDIFF BAY BARRAGE
650 _aCARDIFF
650 _aCYNON VALLEY
650 _aHEREFORD
650 _aINDUSTRIAL MARKET
650 _aLLANELLI
650 _aNEWPORT
650 _aPROPERTY-COMMERCIAL PROPERTY-OFFICE PROPERTY-OFFICE PROPERTY MARKET
650 _aOUT-OF-TOWN
650 _aPROPERTY-COMMERCIAL PROPERTY-RETAIL PROPERTY-RETAIL PROPERTY MARKET
650 _aSOUTH WALES
650 _aSWANSEA
650 _aWELSH DEVELOPMENT AGENCY
650 _aWORCESTER
690 _aPROPERTY-COMMERCIAL PROPERTY-COMMERCIAL PROPERTY MARKET
942 _n0
948 _c04/03/1997
999 _c45936
_d45936